Coplas de la decadencia española (Record no. 132165)

MARC details
000 -LEADER
campo de control de longitud fija 00602nam a2200181 4500
001 - NÚMERO DE CONTROL
campo de control 132165
003 - IDENTIFICADOR DE NÚMERO DE CONTROL
campo de control ES-MaACL
005 - FECHA Y HORA DE LA ÚLTIMA TRANSACCIÓN
campo de control 20230906194122.0
007 - CAMPO FIJO DE DESCRIPCIÓN FÍSICA--INFORMACIÓN GENERAL
campo de control de longitud fija t|
008 - DATOS DE LONGITUD FIJA--INFORMACIÓN GENERAL
campo de control de longitud fija 070214s1977 sp r ||||1| spa d
100 1# - ENTRADA PRINCIPAL--NOMBRE DE PERSONA
Nombre de persona Rodríguez Valdés, Angel.
9 (RLIN) 98848
245 10 - MENCIÓN DEL TÍTULO
Título Coplas de la decadencia española
Resto del título : contubernios y cachondeos : (España 1814-1898) /
Mención de responsabilidad, etc. Angel Rodríguez Valdés ; ilustra: Alfredo González.
250 ## - MENCION DE EDICION
Mención de edición 1ª ed.
260 ## - PUBLICACIÓN, DISTRIBUCIÓN, ETC.
Lugar de publicación, distribución, etc. Madrid :
Nombre del editor, distribuidor, etc. Sedmay,
Fecha de publicación, distribución, etc. 1977.
300 ## - DESCRIPCIÓN FÍSICA
Extensión 211 p., 34 lám. ;
Dimensiones 27 cm.
700 1# - ENTRADA AGREGADA--NOMBRE PERSONAL
Nombre de persona González, Alfredo.
9 (RLIN) 58274
852 ## - LOCALIZACIÓN
Ubicación ES-MaACL
Número de control de estantería A-7539
Sublocalización o colección R.96179
Holdings
Estatus retirado Estado de pérdida Estado de daño No para préstamo Biblioteca de origen Biblioteca actual Ubicación en estantería Fecha de adquisición Fuente de adquisición Total de préstamos Signatura topográfica completa Código de barras Visto por última vez Precio de reemplazo Tipo de ítem Koha
        Biblioteca del Ateneo de Madrid Biblioteca del Ateneo de Madrid Sala Pecera Planta 1 17/01/2008     A-7539 1137597 23/02/2023 23/02/2023 Libro impreso